A Turning to God (Record no. 121455)
[ view plain ]
| 000 -LEADER | |
|---|---|
| fixed length control field | 00484nam a22001577a 4500 |
| 008 - FIXED-LENGTH DATA ELEMENTS--GENERAL INFORMATION | |
| fixed length control field | 141210b xxu||||| |||| 00| 0 eng d |
| 020 ## - INTERNATIONAL STANDARD BOOK NUMBER | |
| International Standard Book Number | 9780232527018 |
| 050 ## - LIBRARY OF CONGRESS CALL NUMBER | |
| Classification number | BX2170.L4 H921 |
| 100 ## - MAIN ENTRY--PERSONAL NAME | |
| Personal name | Hume, Basil Cardinal |
| 9 (RLIN) | 13279 |
| 245 ## - TITLE STATEMENT | |
| Title | A Turning to God |
| Statement of responsibility, etc | Cardinal Basil Hume |
| 260 ## - PUBLICATION, DISTRIBUTION, ETC. (IMPRINT) | |
| Place of publication, distribution, etc | London |
| Name of publisher, distributor, etc | Darton, Longman and Todd |
| Date of publication, distribution, etc | 2007 |
| 300 ## - PHYSICAL DESCRIPTION | |
| Extent | x, 95p. ; |
| Dimensions | 20cm. |
| 650 ## - SUBJECT ADDED ENTRY--TOPICAL TERM | |
| Topical term or geographic name as entry element | Lent |
| General subdivision | meditations |
| 9 (RLIN) | 7122 |
| 700 ## - ADDED ENTRY--PERSONAL NAME | |
| Personal name | Kelly, Patricia Hardcartle (ed.) |
| 9 (RLIN) | 13611 |
| 942 ## - ADDED ENTRY ELEMENTS (KOHA) | |
| Source of classification or shelving scheme | Library of Congress Classification |
| Item type | Monograph ( Printed materials) |
| Withdrawn status | Lost status | Source of classification or shelving scheme | Damaged status | Not for loan | Collection code | Home library | Current library | Shelving location | Date acquired | Total Checkouts | Full call number | Barcode | Date last seen | Price effective from | Koha item type |
|---|---|---|---|---|---|---|---|---|---|---|---|---|---|---|---|
| Library of Congress Classification | Main Collection | ARRUPE LIBRARY | ARRUPE LIBRARY | Main Collection | 10/12/2014 | BX2170.L4 H921 | 46500003453 | 22/11/2017 | 10/12/2014 | Monograph ( Printed materials) |